000
00227nam a2200085 4500
001
1257631
005
20260217114633.0
245
_a
CUMHURİYET ÖNCESİ YAZARLARDAN ÇOCUKLARA HİKAYELER
_c
MEHMET SEYDA
260
_b
BİLGE YAYINLARI
999
_c
1257631
_d
1257631